000 00590nam a2200229Ia 4500
003 OSt
005 20220924145733.0
006 a|||||r|||| 00| 0
007 ta
008 220923b |||||||| |||| 00| 0 tel d
024 _a329995
037 _cTextual
040 _aARTS
_cARTS
_btel
041 _2tel
_atel
082 _aO15,1F00,2, 35K4
100 _aLeela Suka Au.
_9220436
245 0 _aSri Krishna karnamritamu
260 _c1964
650 _aSANSKRIT LITERATURE
942 _hO15,1F00,2, 35K4
_cTEXL
_2CC
999 _c460984
_d460984